000 00861pam a2200265 a 4500
999 _c3672
_d3672
001 1070859
003 GBCCL
005 20241126110500.0
008 910712s1991 txu b 000 0 eng
010 _a 91027705
020 _a0849907020
040 _aDLC
_cDLC
_dDLC
050 0 0 _aBT160
_b.G66 1991
082 0 0 _a248.86
_220
_bGRA
100 1 _aGraham, Billy,
_d1918-
_9449
245 1 0 _aHope for the troubled heart /
_cBilly Graham.
260 _aDallas :
_bWord Pub.,
_cc1991.
300 _ax, 230 p. ;
_c25 cm.
504 _aIncludes bibliographical references (p. 227-230).
650 0 _aTheodicy.
_94055
650 0 _aConsolation.
_9348
906 _a7
_bcbc
_corignew
_d1
_eocip
_f19
_gy-gencatlg
942 _2ddc
_cBK
_07